000 00559nam a2200241Ia 4500
005 20250425161950.0
008 250425s9999 xx 000 0 und d
020 _a8471009056
041 _aspa
043 _asp
082 _a515
100 _aPALACIOS, HUGO E.
245 0 _aINTRODUCCION AL CALCULO ACTUARIAL
250 _a2A ED.
260 _aEspaƱa
_bEDITORIAL MAPFRE S.A.
_c1996
260 _aMADRID
300 _a197
650 _aCALCULO
650 _aMATEMATICAS
710 _aEDITORIAL MAPFRE S.A.
942 _c01
010 _a37823
999 _c219787
_d219787